000 00674nam a22002057a 4500
003 OSt
005 20240102164104.0
008 240102b |||||||| |||| 00| 0 eng d
020 _a9789966480637
040 _aAIU Library - Kenya
_cAIU Library - Kenya
_dAIU Library - Kenya
050 _aBS 325
_b.M48 1964
245 _aMaandiko jamatheru ja Murungu, najo nijo Kiriikaniro Giikuru na Kiriikaniro Gikieru
260 _aNairobi, Kenya ;
_bBible Society of Kenya'
_cc1964.
300 _a1405 p.;
500 _a[Africana]
630 _aBible
_955788
_lKimeru.
650 _aKimeru language
_vTexts.
_955789
710 _aBible Society of Kenya
_955779
942 _2lcc
_cAFR(R)
999 _c67805
_d67779